Propriedades larvicidas de Melia azedarach sobre Aedes aegypti (Diptera: Culicidae): uma revisão integrativa da literatura (Registro n. 301077)
[ somente texto ]
| 000 -LÍDER | |
|---|---|
| fixed length control field | 03567nab a2200277 i 4500 |
| 003 - CÓDIGO MARC DA AGÊNCIA CATALOGADORA | |
| Campo de controle | BR-BrBNA |
| 005 - DATA E HORA DA ÚLTIMA ATUALIZAÇÃO | |
| Campo de controle | 20240830153244.0 |
| 008 - CAMPO DE TAMANHO FIXO | |
| fixed length control field | 240830b2018 bl.qr|pooa||| 00| 0 por | |
| 040 ## - FONTE DA CATALOGAÇÃO | |
| Agência catalogadora | BR-BrBNA |
| Idioma da catalogação | por |
| 072 ## - CATEGORIA AGRIS | |
| Código AGRIS | F60 |
| 100 ## - ENTRADA PRINCIPAL - NOME PESSOAL | |
| Nome pessoal | Schabat, Francis Maira |
| 100 ## - ENTRADA PRINCIPAL - NOME PESSOAL | |
| Nome pessoal | Busato, Maria Assunta |
| 100 ## - ENTRADA PRINCIPAL - NOME PESSOAL | |
| Nome pessoal | Lutinski, Junir Antonio |
| 245 ## - TÍTULO PRINCIPAL | |
| Título principal | Propriedades larvicidas de Melia azedarach sobre Aedes aegypti (Diptera: Culicidae): uma revisão integrativa da literatura |
| 500 ## - NOTA GERAL | |
| Nota geral | Publicação on-line; 18 ref.; 1 table; Summaries (En, Pt) |
| 942 ## - ADDED ENTRY ELEMENTS (KOHA) | |
| Koha item type | |
| 520 ## - NOTA DE RESUMO | |
| Nota de conteúdo | <br/><br/>RESUMO: <br/><br/>No presente trabalho objetivou-se identificar a literatura disponível referente a eficácia<br/>de extratos de Melia azedarach sobre larvas de Aedes aegypti. O estudo trata de uma revisão<br/>integrativa da literatura conduzida a partir das orientações de Ganong (1987) utilizando os<br/>descritores: “Melia azedarach” AND “Aedes aegypti”, sendo os filtros utilizados nos cruzamentos<br/>ano de publicação de 2006 a 2016, idiomas português, inglês e espanhol, trabalhos no formato<br/>de artigos científicos e disponíveis online na forma completa. Foram encontrados cinco estudos<br/>publicados na base BVS e 947 no Google Acadêmico. Com os critérios de inclusão, exclusão e<br/>seleção, seis publicações foram selecionadas por referir-se explicitamente ao objeto de estudo.<br/>A revisão revelou que os extratos de frutos e folhas de M. azedarach contêm substâncias com<br/>atividade tanto larvicida quanto ovicida sobre A. aegypti, apresentando-se como alternativa<br/>promissora ao controle do vetor oferecendo uma ferramenta importante para o manejo nos<br/>programas de controle vetorial da Dengue, Chikungunya, Zika vírus e Febre Amarela urbana.<br/><br/>Palavras-chave: plantas medicinais, dengue, vetores de doenças. |
| 520 ## - NOTA DE RESUMO | |
| Nota de conteúdo | <br/><br/>ABSTRACT: <br/><br/>Larvicidal properties of Melia azedarach on Aedes aegypti (Diptera:<br/>Culicidae): an integrative review of the literature. The aim of this study was to identify the<br/>available literature regarding the efficacy of Melia azedarach extracts on Aedes aegypti larvae.<br/>The study deals with an integrative literature review based on the Ganong (1987) guidelines<br/>using the descriptors: “Melia azedarach” AND “Aedes aegypti”, being the filters and the year<br/>of publication 2006 to 2016, in Portuguese, English and Spanish languages, all papers in the<br/>format of scientific articles and available online in full form. Five studies were published on the<br/>BVS base and 947 were found in Google Scholar. With the inclusion, exclusion and selection<br/>criteria, six publications were selected because they refer explicitly to the object of study. The<br/>review revealed that the extracts of fruits and leaves of M. azedarach contains substances with<br/>both larvicidal and ovicidal activity on A. aegypti, presenting itself as a promising alternative<br/>to vector control, offering an important tool for management in the vector control programs of<br/>Dengue, Chikungunya, Zika virus and Urban Yellow Fever.<br/><br/>Keywords: medicinal plants, dengue, vectors of diseases |
| 650 ## - ASSUNTO - THESAGRO | |
| Cabeçalho tópico ou nome geográfico | PLANTA MEDICINAL |
| 650 ## - ASSUNTO - THESAGRO | |
| Cabeçalho tópico ou nome geográfico | DENGUE |
| 650 ## - ASSUNTO - THESAGRO | |
| Cabeçalho tópico ou nome geográfico | DOENÇA |
| 650 ## - ASSUNTO - THESAGRO | |
| Cabeçalho tópico ou nome geográfico | VETOR |
| 773 0# - ENTRADA ANALÍTICA | |
| Host Biblionumber | 3543 |
| Registro do item | 317733 |
| Imprenta | Botucatu-SP Instituto de Biociências - Departamento de Química e Bioquímica 1998 |
| Outro identificador | 2024-4448 |
| Título | Revista Brasileira de Plantas Medicinais (Brazil) |
| ISSN | 1516-0572 |
| Colação | v. 20(4) p. 347-351; (2018) |
| Número de controle de registro | BR2024002540 |
| 856 ## - ACESSO E ENDEREÇO ELETRÔNICO | |
| Identificador uniforme de recurso - URI | http://www.sbpmed.org.br/admin/files/papers/file_jIk3CkhdHJHS.pdf |
Nenhum exemplar disponível.

BINAGRI